000 02002cam a22005297i 4500
001 2670
003 FISKH
005 20240109140825.0
008 150316s2016 nyu d 000 1 eng d
010 _a 2015936202
020 _a9781481456661
_q(hardcover)
020 _a1481456660
_q(hardcover)
020 _a9781481456678
020 _a1481456679
020 _z9781481456685
020 _a9780340931844
035 _a(OCoLC)ocn947067212
040 _aUOK
_beng
_cUOK
_erda
_dGMP
_dBTCTA
_dBDX
_dYDXCP
_dCO2
_dOCLCF
_dSXP
_dDLC
042 _alccopycat
043 _an-us-nv
050 0 0 _aPZ7.M869647
_bGe 2016
082 0 4 _a823.92
_223
100 1 _aMuchamore, Robert,
245 1 4 _aThe general /
_cRobert Muchamore.
250 _aThis edition published in 2014
260 _aNew York :
_bHodder Children's Books,
_c2008
300 _a344 pages ;
_c20 cm
336 _atext
_2rdacontent
337 _aunmediated
_2rdamedia
338 _avolume
_2rdacarrier
500 _aOriginally published in Great Britain in 2008 by Hodder Children's Books.
520 _aThe world's largest urban warfare training compound stands in the desert near Las Vegas. Forty British commandos are being hunted by and entire American battalion. But their commander has an ace up his sleeve, he plans to smuggle in ten CHERUB agents and fight the best war game ever.
521 1 _aAges 14 up.
650 0 _aAdventure stories.
650 7 _aAdventure stories.
_2fast
_0(OCoLC)fst00797462
655 0 _aYoung adult fiction.
655 7 _aAction and adventure fiction.
_2fast
_0(OCoLC)fst01921574
655 7 _aFiction.
_2fast
_0(OCoLC)fst01423787
655 7 _aSpy stories.
_2fast
_0(OCoLC)fst01726748
655 7 _aYoung adult works.
_2fast
_0(OCoLC)fst01726790
655 7 _aSpy stories.
_2gsafd
655 7 _aAdventure fiction.
_2gsafd
655 7 _aSpy fiction.
_2lcgft
655 7 _aAction and adventure fiction.
_2lcgft
906 _a7
_bcbc
_ccopycat
_d2
_eepcn
_f20
_gy-gencatlg
942 _2ddc
_cBK
_n0
999 _c2670
_d2670